000 00505cam a22001934a 4500
005 20250605164246.0
008 250528s ||||||||||||||||||||||||d
035 _a21511
040 _aGR-AtMCL
_bgre
_dGR-AtMCL
_eAACR2
245 1 _aΓΡΑΜΜΙΚΗ ΑΛΓΕΒΡΑ
250 _a1
260 _bΑ.Σταμουλης,
_c1990
300 _a570
700 1 _aΓεωργιαδης Π.Ν
_95787
700 1 _aΓεωργιακοδης Μ.Α
_95788
942 _cBK
999 _c6573
_d6573